00499nam a2200157Ia 450000500170000000800410001702000150005805000150007310000290008824500760011726000330019330000180022650000530024465000160029765000280031320231102150853.0120626s2002 mx 000 0 spa d a9706332596 aLA912bP27 aPalacios, Jesúseautor aLa cuestión escolarb: críticas y alternativas c/ Jesús Palacios aMéxicob: Coyoacanc, 2002 a659 páginas a1a. Reimpresión 2005 2a. Reimpresión 2007  aPEDAGOGÍA aEDUCACIÓN xSOCIOEDAD